Statistics for Five Biggest Cities by Region Level #6 (Extremely Hard)

Click here to take the quiz!

General Stats

  • This quiz has been taken 305 times
    (293 since last reset)
  • The average score is 9 of 45

Answer Stats

HintAnswer% Correct
325,858Windhoek
90%
628,306Cancún
79%
55,817Cayenne
71%
241,445Reno
67%
1,100Yaren
60%
103,017Darwin
59%
54,521Carson City
50%
777,615Mérida
50%
56,593Ushuaia
48%
24,210Alice Springs
37%
62,096Walvis Bay
29%
116,005Punta Arenas
28%
378,998Las Palmas
27%
203,585Santa Cruz de Tenerife
21%
105,562Funchal
18%
127,832Praia
16%
96,094Sparks
15%
44,725Swakopmund
14%
20,279Elko
13%
250McMurdo Station
13%
6,094Katherine
11%
25,868Kourou
11%
66,475Río Grande
10%
63,431Rundu
10%
151,243Chetumal
9%
75Amundsen-Scott
8%
169,466Ciudad del Carmen
8%
2,381Arijejen
7%
31,934Matoury
7%
44,169Saint-Laurent-du-Maroni
7%
19,418Fernley
5%
21,787Remire-Montjoly
5%
153,111San Cristóbal de La Laguna
5%
1,952Tolhuin
5%
378Anabar
4%
3,933Nhulunbuy
4%
36,541Oshakati
4%
4,734Porvenir
3%
3,061Tennant Creek
3%
810Baitsi
2%
220,389San Francisco de Campeche
2%
330Uaboe
2%
55Esperanza or Marambio
1%
60Mirny
1%
80Presidente Eduardo Frei Montalva
0%

Score Distribution

Percentile by Number Answered

Percent of People with Each Score

Your Score History

You have not taken this quiz since the last reset